LEADER 02688nam a2200469 i 4500 001 991001949659707536 008 931006s1987 au 000 ger d 020 $a3700103956 035 $ab14096961-39ule_inst 040 $aDip.to Lingue$bita 082 04$a832.8 100 1 $aSchnitzler, Arthur$0320902 245 10$aTagebuch /$cArthur Schnitzler ; unter Mitwirkung von Peter Michael Braunwarth ... [et al.]... herausgegeben von der Kommission für literarische Gebrauchsformen der Österreichischen Akademie der Wissenschaften 260 $aWien :$bOsterreichischen Akademie der Wissenschaften,$c1987-2000 300 $a10 v. :$bill. ;$c22 cm 504 $aInclude indici 505 0$a[v. 1] : 1879-1892. - 1987. - 488 p. 505 0$a[v. 2] : 1893-1902. - 1995. - 502 p. 505 0$a[v. 3] : 1903-1908. - 1991. - 490 p. 505 0$a[v. 4] : 1909-1912. - 1981. - 459 p. 505 0$a[v. 5] : 1913-1916. - 1983. - 432 p. 505 0$a[v. 6] : 1917-1919. - 1985. - 427 p. 505 0$a[v. 7] : 1920-1922. - 1993. - 498 p. 505 0$a[v. 8] : 1923-1926. - 1995. - 496 p. 505 0$a[v. 9] : 1927-1930. - 1997. - 509 p. 505 0$a[v. 10] : 1931 ; Geesamtverzeichnisse 1879-1931. - 2000. - 637 p. 600 14$aSchnitzler, Arthur 907 $a.b14096961$b04-11-16$c13-02-13 912 $a991001949659707536 945 $aLE012 832.8 SCH 1$cv. 1$g1$i2012000438002$lle012$o-$pE0.00$q-$rl$s- $t0$u0$v0$w0$x0$y.i15482029$z15-02-13 945 $aLE012 832.8 SCH 2$cv. 2$g1$i2012000437920$lle012$o-$pE0.00$q-$rl$s- $t0$u0$v0$w0$x0$y.i15482030$z15-02-13 945 $aLE012 832.8 SCH 3$cv. 3$g1$i2012000437777$lle012$o-$pE0.00$q-$rl$s- $t0$u0$v0$w0$x0$y.i15482042$z15-02-13 945 $aLE012 832.8 SCH 4$cv. 4$g1$i2012000437784$lle012$o-$pE0.00$q-$rl$s- $t0$u0$v0$w0$x0$y.i15482054$z15-02-13 945 $aLE012 832.8 SCH 5$cv. 5$g1$i2012000437791$lle012$o-$pE0.00$q-$rl$s- $t0$u0$v0$w0$x0$y.i15482066$z15-02-13 945 $aLE012 832.8 SCH 6$cv. 6$g1$i2012000437807$lle012$o-$pE0.00$q-$rl$s- $t0$u0$v0$w0$x0$y.i15482078$z15-02-13 945 $aLE012 832.8 SCH 7$cv. 7$g1$i2012000437814$lle012$o-$pE0.00$q-$rl$s- $t0$u0$v0$w0$x0$y.i1548208x$z15-02-13 945 $aLE012 832.8 SCH 8$cv. 8$g1$i2012000437821$lle012$o-$pE0.00$q-$rl$s- $t0$u0$v0$w0$x0$y.i15482091$z15-02-13 945 $aLE012 832.8 SCH 9$cv. 9$g1$i2012000437838$lle012$o-$pE0.00$q-$rl$s- $t0$u0$v0$w0$x0$y.i15482108$z15-02-13 945 $aLE012 832.8 SCH 10$cv. 10$g1$i2012000437845$lle012$o-$pE0.00$q-$rl$s- $t0$u0$v0$w0$x0$y.i1548211x$z15-02-13 996 $aTagebuch$9265572 997 $aUNISALENTO 998 $ale012$b13-02-13$cm$da $e-$fger$gau $h0$i0 LEADER 01378nam 2200385 450 001 996575422103316 005 20230814233448.0 010 $a1-7281-0382-7 035 $a(CKB)4100000008867544 035 $a(WaSeSS)IndRDA00122962 035 $a(EXLCZ)994100000008867544 100 $a20200511d2018 uy 0 101 0 $aeng 135 $aur||||||||||| 181 $ctxt$2rdacontent 182 $cc$2rdamedia 183 $acr$2rdacarrier 200 10$a2018 XIII Latin American Conference on Learning Technologies $e1-5 October 2018, São Paulo, Brazil /$fInstitute of Electrical and Electronics Engineers 210 1$aPiscataway, New Jersey :$cInstitute of Electrical and Electronics Engineers,$d2018. 215 $a1 online resource (88 pages) 311 $a1-7281-0383-5 606 $aEducational technology$vCongresses 606 $aInstructional systems$xDesign$vCongresses 606 $aTechnological innovations$zLatin America$vCongresses 615 0$aEducational technology 615 0$aInstructional systems$xDesign 615 0$aTechnological innovations 676 $a371.33 712 02$aInstitute of Electrical and Electronics Engineers, 801 0$bWaSeSS 801 1$bWaSeSS 906 $aPROCEEDING 912 $a996575422103316 996 $a2018 XIII Latin American Conference on Learning Technologies$92528196 997 $aUNISA LEADER 01968nam 2200421 450 001 9910317643903321 005 20240205154929.0 010 $a953-51-5639-X 035 $a(CKB)4970000000097645 035 $a(NjHacI)994970000000097645 035 $a(oapen)https://directory.doabooks.org/handle/20.500.12854/65608 035 $a(EXLCZ)994970000000097645 100 $a20221013d2012 uy 0 101 0 $aeng 135 $aur||||||||||| 181 $ctxt$2rdacontent 182 $cc$2rdamedia 183 $acr$2rdacarrier 200 00$aApplied measurement systems /$fedited by Md. Zahurul Haq 210 $cIntechOpen$d2012 210 1$aRijeka, Croatia :$cIntechOpen,$d[2012] 210 4$d©2012 215 $a1 online resource (404 pages) $cillustrations 311 $a953-51-0103-X 320 $aIncludes bibliographical references. 330 $aMeasurement is a multidisciplinary experimental science. Measurement systems synergistically blend science, engineering and statistical methods to provide fundamental data for research, design and development, control of processes and operations, and facilitate safe and economic performance of systems. In recent years, measuring techniques have expanded rapidly and gained maturity, through extensive research activities and hardware advancements. With individual chapters authored by eminent professionals in their respective topics, Applied Measurement Systems attempts to provide a comprehensive presentation and in-depth guidance on some of the key applied and advanced topics in measurements for scientists, engineers and educators. 606 $aMeasurement 610 $aEngineering: general 615 0$aMeasurement. 676 $a530.8 700 $aZahurul Haq$b Md$4edt$01588334 702 $aHaq$b Md. Zahurul 801 0$bNjHacI 801 1$bNjHacl 906 $aBOOK 912 $a9910317643903321 996 $aApplied measurement systems$93877812 997 $aUNINA